[Event "CAMPEONATO CONTINENTAL ABSOLUT"]
[Site "Hotel Torre de Cali, Cali, Co"]
[Date "2007.07.15"]
[Round "6.57"]
[White "Paez, David"]
[Black "Rodriguez Montoya, Juan Andres"]
[Result "1-0"]
[WhiteElo "2048"]
[BlackElo "2009"]
[PlyCount "51"]
[EventDate "2007.07.10"]

1. e4 e5 2. Nf3 Nc6 3. Bb5 a6 4. Ba4 b5 5. Bb3 Nf6 6. d4 d6 7. dxe5 dxe5 8.
Qxd8+ Nxd8 9. Nxe5 Nxe4 10. O-O Nf6 11. Re1 Be7 12. a4 Bb7 13. axb5 axb5 14.
Rxa8 Bxa8 15. Bg5 Ne6 16. Nxf7 Kxf7 17. Bxe6+ Kg6 18. Bh4 Bc5 19. Nc3 b4 20.
Ne2 Kh5 21. Nf4+ Kxh4 22. Re5 Bxf2+ 23. Kxf2 Ng4+ 24. Bxg4 Kxg4 25. g3 Rf8 26.
h3# 1-0